000 00767nam a2200229 a 4500
001 000019554
003 UkOxU
005 20240226143822.0
008 930906s1955 ag 000 1 spa d
035 _aOCLC 22717016 from aho343
040 _aDO-SdBNP
_cEYU
_dEQO
090 _aPQ6605.A6
_bA721 1955
082 _aD0501219963
100 1 _aCamba, Julio,
_d1882-1962
_93094
245 1 0 _aAventuras de una peseta /
_cJulio Camba.
250 _a5. ed
260 _aBuenos Aires :
_bEspasa-Calpe Argentina,
_c1955.
300 _a146 p. ;
_c18 cm.
440 0 _aColección Austral ;
_vno. 295
_939561
852 _716586626
_yPlease check shelf
910 _aCatalogación derivada /Oxford
999 _c19070
_d19070